[Event "CHN-chT"]
[Site "Daqing"]
[Date "2019.06.20"]
[Round "2.6"]
[White "Qu, Hongxuan"]
[Black "Yang, Yanqing"]
[Result "0-1"]
[WhiteElo "1523"]
[BlackElo "1910"]
[PlyCount "48"]
[EventDate "2019.06.19"]
[EventType "team-swiss"]
[EventRounds "9"]
[EventCountry "CHN"]
[SourceTitle "CBM 191 Extra"]
[Source "ChessBase"]
[SourceDate "2019.09.30"]
[SourceVersion "1"]
[SourceVersionDate "2019.09.30"]
[SourceQuality "1"]
[WhiteTeam "Qingdao"]
[BlackTeam "Hebei"]
[WhiteTeamCountry "CHN"]
[BlackTeamCountry "CHN"]

1. d4 d5 2. c4 e6 3. Nc3 Nf6 4. Nf3 c6 5. e3 Nbd7 6. Qc2 Bd6 7. Bd3 0-0 8. 0-0 dxc4 9. Bxc4 e5 10. h3 Qe7 11. a3 a6 12. Be2 Re8 13. Re1 e4 14. Nd2 Nb6 15. b3 Bf5 16. Nf1 Bg6 17. Bb2 Rad8 18. b4 Nfd5 19. Rad1 Kh8 20. g3 Bf5 21. Kg2 Qg5 22. Nh2 Nxe3+ 23. fxe3 Qxg3+ 24. Kf1 Bxh3# 0-1